000 00456nam a2200181Ia 4500
001 4832
005 20260306145823.0
008 260306t1960||||xx |||||||||||||| ||spa||
041 _aESP
082 _a330.9
_bR31
100 _aArgamentería, Rodolfo
_eAUT
245 0 _aCiclo de conferencias sobre temas económicos de actualidad
260 _c1960
300 _a151 páginas :
_c22 cm.
650 _aGEN
654 _aCAN
942 _cLIB
_dJUS
_fJUS
_2ddc
_n
999 _c4832
_d4832